Biggest U.S. Cities By Only Vowels - Part 1 - Statistics

General Stats
  • This quiz has been taken 298 times
  • The average score is 6 of 16
Answer Stats
Hint Answer % Correct
IAO Chicago
76%
AAA Atlanta
72%
IAEIA Philadelphia
54%
EE Denver
51%
AA Dallas
44%
AAIO San Francisco
40%
OUIIE Louisville
33%
AIO Washington
31%
OAO Orlando
29%
OA Portland
26%
IIAI Cincinnati
24%
AAEIY Salt Lake City
24%
OUU Columbus
20%
EI Memphis
19%
AOIE Jacksonville
13%
UA Tulsa
13%
No matching quizzes found
Score Distribution
Percent of People with Each Score
Percentile by Number Answered
Your Score History
You have not taken this quiz